Statistiken für Torschützenliste der Serie A 2019-2020

Klicken Sie hier um das Quiz zu spielen!

Allgemein

  • Dieses Quiz wurde 22 mal gespielt
  • Das Durchschnittsergebnis liegt bei 7 aus 10

Antwortstatistiken

ToreNationalitätVereinSpieler% Korrekt
36ItalienLazio Rom Ciro Immobile
100%
31PortugalJuventus Turin Cristiano Ronaldo
100%
16Bosnien und HerzegowinaAS RomEdin Džeko
95%
23BelgienInter Mailand Romelu Lukaku
95%
18KolumbienAtalanta Bergamo Duván Zapata
82%
18KolumbienAtalanta BergamoLuis Muriel
73%
15SlowenienAtalanta Bergamo Josip Iličić
68%
16ItalienFC Turin Andrea Belotti
59%
18BrasilienCagliari CalcioJoão Pedro
41%
21ItalienUS Sassuolo Calcio Francesco Caputo
18%

Verteilung der Resultate

Perzentil nach korrekt beantworteten Fragen

Anzahl Personen mit jedem Resultat

Ihre Resultats-Entwicklung

Sie haben dieses Quiz noch nicht gespielt